[Event "Toronto Labour Day op"]
[Site "Toronto"]
[Date "2010.09.09"]
[Round "4.7"]
[White "Calugar, Arthur"]
[Black "Whissell, Mavros"]
[Result "1-0"]
[WhiteElo "2386"]
[BlackElo "2167"]
[PlyCount "71"]
[EventDate "2010.09.12"]
[EventType "swiss"]
[EventRounds "6"]
[EventCountry "CAN"]
[SourceTitle "EXT 2022"]
[Source "ChessBase"]
[SourceDate "2021.10.06"]
[SourceVersion "1"]
[SourceVersionDate "2021.10.06"]
[SourceQuality "1"]

1. Nf3 d5 2. b3 e6 3. Bb2 Nf6 4. e3 Be7 5. d4 0-0 6. Bd3 Nbd7 7. Nbd2 b6 8. Ne5 Nxe5 9. dxe5 Nd7 10. Qh5 g6 11. Qe2 f6 12. exf6 Bxf6 13. Bxf6 Qxf6 14. 0-0 Nc5 15. f4 Bb7 16. Nf3 Nd7 17. Ng5 Rae8 18. Qg4 Re7 19. h4 e5 20. f5 e4 21. fxg6 Qxg6 22. h5 Qg7 23. Be2 Nf6 24. Qh4 Re5 25. Nh3 Bc8 26. Rf4 Bxh3 27. Qxh3 h6 28. Raf1 Nh7 29. Rxf8+ Nxf8 30. Qc8 Rg5 31. Rf2 Qa1+ 32. Bf1 Qg7 33. Qe8 a5 34. c4 c6 35. Qxc6 Nd7 36. Qe6+ 1-0

[Event "Hamilton Summer op"]
[Site "Hamilton"]
[Date "2010.08.22"]
[Round "4"]
[White "Egorov, Mikhail"]
[Black "Whissell, Mavros"]
[Result "1/2-1/2"]
[WhiteElo "2213"]
[BlackElo "2143"]
[PlyCount "67"]
[EventDate "2010.08.21"]
[EventType "swiss"]
[EventRounds "5"]
[EventCountry "CAN"]
[SourceTitle "EXT 2022"]
[Source "ChessBase"]
[SourceDate "2021.10.06"]
[SourceVersion "1"]
[SourceVersionDate "2021.10.06"]
[SourceQuality "1"]

1. c4 e5 2. Nc3 Nf6 3. g3 d5 4. cxd5 Nxd5 5. Bg2 Nb6 6. Nf3 Nc6 7. 0-0 Be7 8. a3 0-0 9. b4 Be6 10. d3 f6 11. Bb2 a6 12. Nd2 Rb8 13. Nb3 f5 14. Rc1 Nd4 15. Na5 f4 16. Ne4 Nd5 17. Nc4 Bd6 18. Ncxd6 cxd6 19. Nc3 Nxc3 20. Bxc3 Qb6 21. Bxd4 Qxd4 22. Rc7 Bd5 23. Qa1 Bxg2 24. Qxd4 exd4 25. Kxg2 Rbe8 26. Re1 f3+ 27. Kf1 fxe2+ 28. Rxe2 Re3 29. Rxe3 dxe3 30. f4 g5 31. Ke2 gxf4 32. gxf4 Rxf4 33. Kxe3 Rf7 34. Rc8+ 1/2-1/2

[Event "Kitchener"]
[Site "Kitchener"]
[Date "2010.08.01"]
[Round "4"]
[White "Egorov, Mikhail"]
[Black "Whissell, Mavros"]
[Result "1/2-1/2"]
[WhiteElo "2220"]
[BlackElo "2085"]
[PlyCount "116"]
[EventDate "2010.07.30"]
[EventType "swiss"]
[EventRounds "7"]
[EventCountry "CAN"]
[SourceTitle "EXT 2022"]
[Source "ChessBase"]
[SourceDate "2021.10.06"]
[SourceVersion "1"]
[SourceVersionDate "2021.10.06"]
[SourceQuality "1"]

1. e4 e5 2. Nf3 Nc6 3. Nc3 Nf6 4. d4 exd4 5. Nxd4 Bb4 6. Nxc6 bxc6 7. Bd3 d5 8. exd5 cxd5 9. 0-0 0-0 10. Bg5 c6 11. Ne2 Be7 12. Ng3 Rb8 13. b3 h6 14. Be3 c5 15. c3 Bd6 16. Nf5 Bxf5 17. Bxf5 Qc7 18. h3 Qe7 19. Qc2 Qe5 20. g3 Qe7 21. Rae1 Qc7 22. Bc1 Rfe8 23. Kg2 Qc6 24. Kh2 Rxe1 25. Rxe1 Re8 26. Rxe8+ Qxe8 27. Be3 Ne4 28. Bxe4 Qxe4 29. Qxe4 dxe4 30. Kg2 Kf8 31. f3 f5 32. fxe4 fxe4 33. Bf4 Be7 34. Kf2 c4 35. Ke3 Bf6 36. Kxe4 cxb3 37. axb3 Bxc3 38. Be3 a5 39. Kd5 Ke7 40. Kc4 Be1 41. g4 Kd6 42. Kb5 Kd5 43. Bb6 g6 44. Bxa5 Bg3 45. Bd2 h5 46. gxh5 gxh5 47. Ka6 Ke4 48. Bg5 h4 49. b4 Kf3 50. b5 Kg2 51. b6 Kxh3 52. Bd8 Kg2 53. Bc7 h3 54. Bxg3 Kxg3 55. b7 h2 56. b8Q+ Kg2 57. Qg8+ Kf2 58. Qh7 Kg1 1/2-1/2

[Event "Kitchener"]
[Site "Kitchener"]
[Date "2010.08.01"]
[Round "5"]
[White "Whissell, Mavros"]
[Black "Chung, Kevin"]
[Result "1-0"]
[WhiteElo "2085"]
[BlackElo "2297"]
[PlyCount "59"]
[EventDate "2010.07.30"]
[EventType "swiss"]
[EventRounds "7"]
[EventCountry "CAN"]
[SourceTitle "EXT 2022"]
[Source "ChessBase"]
[SourceDate "2021.10.06"]
[SourceVersion "1"]
[SourceVersionDate "2021.10.06"]
[SourceQuality "1"]

1. e4 e6 2. d4 d5 3. Nd2 h6 4. Ngf3 Nf6 5. e5 Nfd7 6. c3 c5 7. Bd3 Nc6 8. 0-0 g5 9. c4 g4 10. cxd5 exd5 11. e6 fxe6 12. Bg6+ Ke7 13. Nh4 Nxd4 14. Nb3 Nxb3 15. axb3 Qb6 16. Re1 Kd8 17. Bf4 Be7 18. Bg3 Nf8 19. Bh5 Bd6 20. Qxg4 Bxg3 21. hxg3 Qc7 22. Nf3 Qe7 23. Ne5 Kc7 24. Nf7 Rh7 25. Qf4+ Kb6 26. b4 a6 27. bxc5+ Ka7 28. Nd6 Bd7 29. Qb4 Bc6 30. Rxa6+ 1-0

[Event "Canadian op"]
[Site "Toronto"]
[Date "2010.07.11"]
[Round "2"]
[White "Itkin, David"]
[Black "Whissell, Mavros"]
[Result "1-0"]
[WhiteElo "1781"]
[BlackElo "2027"]
[PlyCount "105"]
[EventDate "2010.07.10"]
[EventType "swiss"]
[EventRounds "9"]
[EventCountry "CAN"]
[SourceTitle "CBM 137 Extra"]
[Source "ChessBase"]
[SourceDate "2010.09.01"]
[SourceVersion "1"]
[SourceVersionDate "2010.09.01"]
[SourceQuality "1"]

1. e4 Nf6 2. e5 Nd5 3. Nc3 Nxc3 4. dxc3 d5 5. Bf4 Bf5 6. Bd3 Qd7 7. Ne2 Bxd3 8. cxd3 e6 9. 0-0 c5 10. d4 Be7 11. Be3 b6 12. f4 Nc6 13. Ng3 g6 14. Qe2 Rc8 15. Rac1 Na5 16. b3 cxd4 17. cxd4 0-0 18. Nh1 Rxc1 19. Rxc1 Rc8 20. Nf2 Rxc1+ 21. Bxc1 Nc6 22. Bb2 Na5 23. Ng4 Qc8 24. g3 Nc6 25. h4 h5 26. Ne3 Bf8 27. g4 Qd8 28. Qh2 Bh6 29. gxh5 gxh5 30. Ng2 Kh8 31. Qh3 Qg8 32. f5 Qg4 33. Qxg4 hxg4 34. fxe6 fxe6 35. Kh2 Nb4 36. Kg3 Nxa2 37. Kxg4 Bc1 38. Ba1 Nb4 39. Nf4 Bxf4 40. Kxf4 Nd3+ 41. Kg5 Kg7 42. h5 a5 43. h6+ Kh7 44. Kf6 Nf4 45. Bc3 Ne2 46. Bb2 Nf4 47. Bc1 Ne2 48. Kxe6 Nxc1 49. Kf6 Nxb3 50. e6 Nd2 51. e7 Ne4+ 52. Ke6 Ng5+ 53. Kxd5 1-0

[Event "Canadian op"]
[Site "Toronto"]
[Date "2010.07.10"]
[Round "1"]
[White "Whissell, Mavros"]
[Black "Bzikot, Robert"]
[Result "1/2-1/2"]
[WhiteElo "2120"]
[BlackElo "1984"]
[PlyCount "112"]
[EventDate "2010.07.10"]
[EventType "swiss"]
[EventRounds "9"]
[EventCountry "CAN"]
[SourceTitle "EXT 2022"]
[Source "ChessBase"]
[SourceDate "2021.10.06"]
[SourceVersion "1"]
[SourceVersionDate "2021.10.06"]
[SourceQuality "1"]

1. e4 d6 2. d4 Nf6 3. Nc3 g6 4. Bg5 Bg7 5. f4 h6 6. Bh4 c5 7. e5 Nh5 8. dxc5 dxe5 9. Qxd8+ Kxd8 10. 0-0-0+ Bd7 11. fxe5 Bxe5 12. Nd5 g5 13. Be1 Nc6 14. Nf3 Bg7 15. Bb5 Rc8 16. Bxc6 Rxc6 17. Ba5+ Ke8 18. Nc7+ Kd8 19. Ne6+ Kc8 20. Nxg7 Nxg7 21. Bc3 f6 22. Rhe1 Re8 23. b4 e5 24. Rd2 Bg4 25. Ng1 Rd8 26. Rxd8+ Kxd8 27. h3 Bh5 28. g4 Bg6 29. Rd1+ Ke7 30. b5 Rc8 31. Bb4 Ne8 32. Ne2 Ke6 33. Nc3 Rc7 34. Nd5 Rd7 35. c4 Be4 36. c6 bxc6 37. bxc6 Rxd5 38. cxd5+ Bxd5 39. Bc5 a6 40. a3 Bxc6 41. Rd8 Kf7 42. Kd2 Kg6 43. Bf8 h5 44. Ke2 hxg4 45. hxg4 f5 46. gxf5+ Kxf5 47. Kf2 Kf4 48. Bc5 g4 49. Be3+ Kf5 50. Bh6 Nf6 51. Rf8 Kg6 52. Be3 Ne4+ 53. Kg1 Nf6 54. Rd8 Kf5 55. Rf8 Kg6 56. Rd8 Kf5 1/2-1/2

[Event "Kitchener Winter op"]
[Site "Kitchener"]
[Date "2008.02.16"]
[Round "2"]
[White "Whissell, Mavros"]
[Black "Becker, Paul"]
[Result "1-0"]
[WhiteElo "1977"]
[BlackElo "2083"]
[PlyCount "113"]
[EventDate "2008.02.15"]
[EventType "swiss"]
[EventRounds "5"]
[EventCountry "CAN"]
[SourceTitle "EXT 2011"]
[Source "ChessBase"]
[SourceDate "2010.11.26"]
[SourceVersion "1"]
[SourceVersionDate "2010.11.26"]
[SourceQuality "1"]

1. e4 c5 2. Nc3 Nc6 3. g3 g6 4. Bg2 Bg7 5. d3 d6 6. f4 e6 7. Nf3 Nge7 8. 0-0 0-0 9. Be3 b5 10. e5 Nd5 11. Bf2 Nxc3 12. bxc3 Rb8 13. Qe2 Re8 14. Nd2 Bb7 15. Ne4 dxe5 16. Nxc5 Qc7 17. Nxb7 Rxb7 18. fxe5 a6 19. Qe4 Rc8 20. d4 Qa5 21. Be1 Qa4 22. Qd3 Rd7 23. Qe2 b4 24. Bf2 bxc3 25. d5 Nxe5 26. dxe6 Rd2 27. exf7+ Nxf7 28. Qe6 Re8 29. Bc6 Rxe6 30. Bxa4 Ree2 31. Rae1 Ng5 32. Rxe2 Rxe2 33. Bb3+ Kh8 34. h4 Nf3+ 35. Kg2 Ne5 36. Re1 Rd2 37. Kf1 Bf6 38. Be3 Rh2 39. Bf4 Rh1+ 40. Ke2 Rxe1+ 41. Kxe1 g5 42. hxg5 Nf3+ 43. Ke2 Nxg5 44. Bd5 Kg7 45. Bc7 Kf8 46. Bb7 Ke7 47. Bxa6 Ne6 48. Bb6 Be5 49. g4 Kd6 50. Bg1 Nf4+ 51. Kf3 Nd5 52. Bc4 h6 53. Bxd5 Kxd5 54. Be3 Bg7 55. Kf4 Kc4 56. Ke4 Bf8 57. Bc1 1-0

[Event "Canadian op"]
[Site "Kapuskasing"]
[Date "2004.07.14"]
[Round "6"]
[White "Hajiyev, Elshad"]
[Black "Whissell, Mavros"]
[Result "1/2-1/2"]
[WhiteElo "1978"]
[BlackElo "1920"]
[PlyCount "120"]
[EventDate "2004.07.10"]
[EventType "swiss"]
[EventRounds "10"]
[EventCountry "CAN"]
[SourceTitle "EXT 2022"]
[Source "ChessBase"]
[SourceDate "2021.10.06"]
[SourceVersion "1"]
[SourceVersionDate "2021.10.06"]
[SourceQuality "1"]

1. d4 Nf6 2. Nf3 g6 3. c4 Bg7 4. Nc3 d5 5. cxd5 Nxd5 6. e4 Nxc3 7. bxc3 c5 8. Bb5+ Bd7 9. Bxd7+ Nxd7 10. 0-0 0-0 11. e5 Qb6 12. Be3 Qa6 13. Qd2 Rfd8 14. Qb2 Rab8 15. a4 e6 16. Qb5 Qc6 17. Bg5 Re8 18. Rab1 Qc7 19. a5 b6 20. a6 f6 21. exf6 Nxf6 22. Bxf6 Bxf6 23. Rfd1 Rbc8 24. h3 Qd6 25. Nd2 Bg7 26. Nc4 Qc6 27. dxc5 Qxb5 28. Rxb5 Rxc5 29. Rxc5 bxc5 30. Rd7 Ra8 31. Kf1 Bxc3 32. Ke2 Bf6 33. Rb7 Bd8 34. Kd3 h6 35. Ke4 Bf6 36. Ne5 Bxe5 37. Kxe5 Rc8 38. Rxa7 c4 39. Rb7 c3 40. Rb1 Ra8 41. Rc1 Rxa6 42. Rxc3 Ra2 43. Rf3 Kg7 44. Kxe6 Re2+ 45. Kd5 g5 46. Kd4 Kg6 47. Kd3 Ra2 48. Ke3 Ra3+ 49. Ke2 Ra2+ 50. Ke3 Ra3+ 51. Ke4 Ra2 52. g4 h5 53. gxh5+ Kxh5 54. Rf8 Ra3 55. Rh8+ Kg6 56. f3 Ra4+ 57. Ke3 Kg7 58. Rb8 Rh4 59. Rb7+ Kg6 60. Rb6+ Kf5 1/2-1/2